000 00816nam0a22002531 4500
001 rc\4878148
005 20250613024926.0
021 _aRU
_b[58-7276]
035 _a(NLR Aleph) 008914763
090 _a8786438
_c8786438
100 _a20130426d1958 |||y0rusy50 ca
101 0 _arus
102 _aRU
105 _ay z |||||
200 1 _aПорядок организации и проведения выборов в Верховный Совет СССР
210 _aМосква
_cГосюриздат
_d1958
215 _a31 с.
_d20
606 _aВыборы в Верховный Совет СССР
_2psbo
700 1 _aТуманов
_bП.В.
_f1895-1971
_gПетр Васильевич
801 0 _aRU
_bNLR
_gpsbo
801 1 _aRU
_bELAR
_2rusmarc
852 _aNLR
_j58-4/2777
942 _cBOOK
980 _aNB